<?xml version="1.0" encoding="UTF-8"?>
<record
    xmlns:xsi="http://www.w3.org/2001/XMLSchema-instance"
    xsi:schemaLocation="http://www.loc.gov/MARC21/slim http://www.loc.gov/standards/marcxml/schema/MARC21slim.xsd"
    xmlns="http://www.loc.gov/MARC21/slim">

  <leader>01375nmm a2200445 a 4500</leader>
  <controlfield tag="003">AR-BaBNM</controlfield>
  <controlfield tag="005">20251128203839.0</controlfield>
  <controlfield tag="008">147119s1971    ||||||||||||||000 | spa||</controlfield>
  <datafield tag="040" ind1=" " ind2=" ">
    <subfield code="c">AR-BaBNM</subfield>
  </datafield>
  <datafield tag="100" ind1="1" ind2=" ">
    <subfield code="a">Colotti, Julio E.</subfield>
  </datafield>
  <datafield tag="245" ind1="1" ind2="0">
    <subfield code="a">Leyes usuales del trabajo</subfield>
  </datafield>
  <datafield tag="250" ind1=" " ind2=" ">
    <subfield code="a">5&#xAA; ed.</subfield>
  </datafield>
  <datafield tag="260" ind1=" " ind2=" ">
    <subfield code="a">Buenos Aires</subfield>
    <subfield code="b">Ediciones Macchi</subfield>
    <subfield code="c">1971</subfield>
  </datafield>
  <datafield tag="300" ind1="0" ind2=" ">
    <subfield code="a">884 p.</subfield>
  </datafield>
  <datafield tag="500" ind1="0" ind2=" ">
    <subfield code="a">Indice general al comienzo del libro</subfield>
  </datafield>
  <datafield tag="500" ind1="1" ind2=" ">
    <subfield code="a">Indice de fallos de la Corte Suprema de Justicia de la Naci&#xF3;n, de Doctrinas plenarias y acordadas dictadas por la C&#xE1;mara nacional de apelaciones del trabajo de la Capital Federal e Indice num&#xE9;rico-cronol&#xF3;gico de textos legales al final del libro</subfield>
  </datafield>
  <datafield tag="650" ind1=" " ind2="4">
    <subfield code="a">DERECHO</subfield>
  </datafield>
  <datafield tag="650" ind1=" " ind2="4">
    <subfield code="a">LEGISLACION</subfield>
  </datafield>
  <datafield tag="650" ind1=" " ind2="4">
    <subfield code="a">DERECHO LABORAL</subfield>
  </datafield>
  <datafield tag="650" ind1=" " ind2="4">
    <subfield code="a">TRABAJO</subfield>
  </datafield>
  <datafield tag="650" ind1=" " ind2="4">
    <subfield code="a">CONSTITUCIONES</subfield>
  </datafield>
  <datafield tag="650" ind1=" " ind2="4">
    <subfield code="a">SALARIOS</subfield>
  </datafield>
  <datafield tag="650" ind1=" " ind2="4">
    <subfield code="a">MENORES</subfield>
  </datafield>
  <datafield tag="650" ind1=" " ind2="4">
    <subfield code="a">MUJERES</subfield>
  </datafield>
  <datafield tag="650" ind1=" " ind2="4">
    <subfield code="a">CONTRATOS DE TRABAJO</subfield>
  </datafield>
  <datafield tag="650" ind1=" " ind2="4">
    <subfield code="a">MEDICINA DEL TRABAJO</subfield>
  </datafield>
  <datafield tag="650" ind1=" " ind2="4">
    <subfield code="a">MEDICINA PREVENTIVA</subfield>
  </datafield>
  <datafield tag="650" ind1=" " ind2="4">
    <subfield code="a">HIGIENE DEL TRABAJO</subfield>
  </datafield>
  <datafield tag="650" ind1=" " ind2="4">
    <subfield code="a">ACCIDENTES DE TRABAJO</subfield>
  </datafield>
  <datafield tag="650" ind1=" " ind2="4">
    <subfield code="a">POLICIA</subfield>
  </datafield>
  <datafield tag="650" ind1=" " ind2="4">
    <subfield code="a">CONVENIOS COLECTIVOS</subfield>
  </datafield>
  <datafield tag="650" ind1=" " ind2="4">
    <subfield code="a">CONCILIACION</subfield>
  </datafield>
  <datafield tag="650" ind1=" " ind2="4">
    <subfield code="a">ARBITRAJE</subfield>
  </datafield>
  <datafield tag="650" ind1=" " ind2="4">
    <subfield code="a">ESTATUTOS</subfield>
  </datafield>
  <datafield tag="650" ind1=" " ind2="4">
    <subfield code="a">TRIBUNALES</subfield>
  </datafield>
  <datafield tag="650" ind1=" " ind2="4">
    <subfield code="a">LEGISLACION ARGENTINA</subfield>
  </datafield>
  <datafield tag="700" ind1="1" ind2=" ">
    <subfield code="a">Candal, Herminio Alberto</subfield>
    <subfield code="e">colaborador</subfield>
  </datafield>
  <datafield tag="942" ind1=" " ind2=" ">
    <subfield code="c">BK</subfield>
  </datafield>
  <datafield tag="998" ind1=" " ind2=" ">
    <subfield code="c">Andrea</subfield>
  </datafield>
  <datafield tag="999" ind1=" " ind2=" ">
    <subfield code="c">5161</subfield>
    <subfield code="d">5161</subfield>
  </datafield>
  <datafield tag="952" ind1=" " ind2=" ">
    <subfield code="0">0</subfield>
    <subfield code="1">0</subfield>
    <subfield code="2">ddc</subfield>
    <subfield code="4">0</subfield>
    <subfield code="5">1</subfield>
    <subfield code="7">1</subfield>
    <subfield code="a">LPL</subfield>
    <subfield code="b">LPL</subfield>
    <subfield code="d">2025-11-28</subfield>
    <subfield code="l">0</subfield>
    <subfield code="o">34[094] COL</subfield>
    <subfield code="p">064934</subfield>
    <subfield code="r">2025-11-28 20:38:39</subfield>
    <subfield code="w">2025-11-28</subfield>
    <subfield code="y">BK</subfield>
  </datafield>
</record>
